<?xml version="1.0" encoding="UTF-8"?><?xml-stylesheet type="text/xsl" href="static/style.xsl"?><OAI-PMH xmlns="http://www.openarchives.org/OAI/2.0/" xmlns:xsi="http://www.w3.org/2001/XMLSchema-instance" xsi:schemaLocation="http://www.openarchives.org/OAI/2.0/ http://www.openarchives.org/OAI/2.0/OAI-PMH.xsd"><responseDate>2026-06-07T07:12:59Z</responseDate><request verb="GetRecord" identifier="oai:riuma.uma.es:10630/15467" metadataPrefix="marc">https://riuma.uma.es/rest/oai/request</request><GetRecord><record><header><identifier>oai:riuma.uma.es:10630/15467</identifier><datestamp>2026-02-03T12:12:33Z</datestamp><setSpec>com_10630_2254</setSpec><setSpec>col_10630_37959</setSpec></header><metadata><record xmlns="http://www.loc.gov/MARC21/slim" xmlns:dcterms="http://purl.org/dc/terms/" xmlns:doc="http://www.lyncode.com/xoai" xmlns:xsi="http://www.w3.org/2001/XMLSchema-instance" xsi:schemaLocation="http://www.loc.gov/MARC21/slim http://www.loc.gov/standards/marcxml/schema/MARC21slim.xsd">
   <leader>00925njm 22002777a 4500</leader>
   <datafield ind2=" " ind1=" " tag="042">
      <subfield code="a">dc</subfield>
   </datafield>
   <datafield ind2=" " ind1=" " tag="720">
      <subfield code="a">Von-Essen, María Clara</subfield>
      <subfield code="e">author</subfield>
   </datafield>
   <datafield ind2=" " ind1=" " tag="260">
      <subfield code="c">2018-03-22</subfield>
   </datafield>
   <datafield ind2=" " ind1=" " tag="520">
      <subfield code="a">Este trabajo presenta el estudio sobre el grado de&#xd;
integración sociolingüística de una comunidad de&#xd;
habla de inmigrantes argentinos (N = 18) en la&#xd;
ciudad de Málaga a través del análisis acústicoperceptivo&#xd;
de la consonante fricativa /ʝ/&#xd;
(especialmente prominente en la comunidad de&#xd;
habla de origen) y posteriormente compara estos&#xd;
resultados con las dos comunidades de habla&#xd;
involucradas (argentinos en Argentina y hablantes&#xd;
malagueños).</subfield>
   </datafield>
   <datafield ind1="8" ind2=" " tag="024">
      <subfield code="a">https://hdl.handle.net/10630/15467</subfield>
   </datafield>
   <datafield tag="653" ind2=" " ind1=" ">
      <subfield code="a">Español - Fonética</subfield>
   </datafield>
   <datafield ind2="0" ind1="0" tag="245">
      <subfield code="a">Variedades del español en contacto: acomodación sociolingüística de una comunidad de inmigrantes argentinos en la ciudad de Málaga. Análisis acústico de las variantes alofónicas de /ʝ/</subfield>
   </datafield>
</record>
</metadata></record></GetRecord></OAI-PMH>